Internet Web Browsers and Search Engines - Statistics

General Stats
  • This quiz has been taken 82 times
  • The average score is 10 of 24
Answer Stats
Answer Type Year Released % Correct
Google Search Engine 1998
98%
Mozilla / Firefox Browser 1999
90%
Internet Explorer Browser 1995
87%
Chrome Browser 2008
85%
Yahoo! Search Engine 1995
77%
Edge Browser 2015
76%
Opera Browser 1994
74%
Safari Browser 2003
74%
Bing Search Engine 2009
69%
DuckDuckGo Both 2008
56%
Brave Browser 2019
47%
Ask Jeeves Search Engine 1996
27%
Netscape Browser 1994
26%
Tor Browser 2008
26%
AOL Search Engine 1997
16%
Altavista Search Engine 1995
10%
Lycos Search Engine 1994
10%
Webcrawler Search Engine 1994
8%
Dogpile Search Engine 1996
6%
Lynx Browser 1992
5%
MSN Search Engine 1998
3%
Infoseek Search Engine 1994
2%
Magellan Search Engine 1995
0%
Metacrawler Search Engine 1995
0%
No matching quizzes found
Score Distribution
Percent of People with Each Score
Percentile by Number Answered
Your Score History
You have not taken this quiz